000 01047cam a2200229 4500
001 WB3704-24
008 000000n2001 000 0 eng u
035 _a(Sirsi) u110463
245 _aFlood plain building curbs not enough for insurers
260 _c2001
490 _aSunday Telegraph
_v 21 January 2001, 1 & 5(2)
520 _aInsurers are not happy that the government restrictions on the building of new homes on flood plains will be sufficient. They are concerned that application of the regulations will depend on local planning authorities. Looks at the proposed PPG25, the effects of flooding on insurance and insurers and the problem of building on flood plains and catchment areas, especially in view of the government plans to build 3m new homes.
590 _aWB
650 _aPLANNING POLICY
650 _aFLOODING
650 _aFLOOD PREVENTION
650 _aFLOOD RISK
650 _aInsurance
_96249
650 _aDEVELOPMENT
690 _aENVIRONMENTAL AND LAND CONSULTANCY-PLANNING AND DEVELOPMENT
942 _n0
999 _c65860
_d65860